000 00735nam a2200253 i 4500
001 000039122
003 DO-SdBNP
005 20251027135440.0
007 ta
008 130524s1982 dr 000 0 spa d
040 _aDO-SdBNP
_bspa
_cBNPHU
_erda
041 _hspa
082 4 _aRD863.44
_bG275f
_222
100 1 _aGautreaux Piñeyro, Bonaparte,
_eautor
_4aut.
_928986
245 1 0 _aAl final del arcoiris /
_cBonaparte Gautreaux Piñeyro.
264 4 _aSanto Domingo :
_bEditora Corripio,
_c©1982.
300 _a182 páginas ;
_c22 c.
336 _ardacontent
_btexto
_2txt
337 _ardamedia
_bsin mediación
_2n
338 _ardacarrier
_bvolumen
_2nc
590 _aInventariado, 2025/DG
910 _aDG
942 _2ddc
_cLBS1
999 _c38612
_d38612